| 000 | 00927cam a22002775a 4500 | ||
|---|---|---|---|
| 001 | 17782983 | ||
| 005 | 20151028115042.0 | ||
| 008 | 130614t2014 moua frbd 001 0 eng d | ||
| 020 | _a9780323100946 (pbk. : alk. paper) | ||
| 040 |
_aDNLM/DLC _cDLC _dDLC _dEG-ScBUE _beng |
||
| 082 | 0 | 4 |
_a610.7343 _222 _bSTA |
| 100 | 1 |
_aStanhope, Marcia. _937665 |
|
| 245 | 1 | 0 |
_aFoundations of nursing in the community : _bcommunity-oriented practice / _cMarcia Stanhope, Jeanette Lancaster. |
| 250 | _a4th ed. | ||
| 260 |
_aMissouri : _bElsevier, _cc.2014. |
||
| 300 |
_axiii, 678 p. : _bill. ; _c28 cm. |
||
| 500 | _aIndex : p. 652-678. | ||
| 500 | _aGlossary : p. 639-651. | ||
| 504 | _aIncludes bibliographical references. | ||
| 650 | 7 |
_aCommunity health nursing. _2BUEsh _94083 |
|
| 651 | _2BUEsh | ||
| 653 |
_bNNUR _cOctober2015 |
||
| 700 | 1 |
_aLancaster, Jeanette, _937666 |
|
| 730 | 0 |
_aPublic health nursing. _937667 |
|
| 942 | _2ddc | ||
| 999 |
_c19903 _d19875 |
||